000 00509nam a2200157 i 4500
001 190241
003 ES-MaACL
005 20230906223658.0
008 200930s1885 sp |||| | spa d
110 0 _aUniversidad Literaria de Sevilla.
_97391
245 1 0 _aMemoria correspondiente al curso académico de 1882-83
_b: [datos estadísticos].
260 _aSevilla :
_b[s.n.],
_c1885.
300 _ap. ;
_ccm.
610 2 4 _aUniversidad Literaria de Sevilla-
_vMemorias.
_9153702
852 _aES-MaACL
_jT-444-F-4
999 _c190241
_d190241